<?xml version="1.0" encoding="UTF-8"?>
<record
    xmlns:xsi="http://www.w3.org/2001/XMLSchema-instance"
    xsi:schemaLocation="http://www.loc.gov/MARC21/slim http://www.loc.gov/standards/marcxml/schema/MARC21slim.xsd"
    xmlns="http://www.loc.gov/MARC21/slim">

  <leader>00419nam a22001577a 4500</leader>
  <controlfield tag="005">20170909113347.0</controlfield>
  <controlfield tag="008">170909b        xxu||||| |||| 00| 0 eng d</controlfield>
  <datafield tag="020" ind1=" " ind2=" ">
    <subfield code="a">978-93-272-5192-0</subfield>
  </datafield>
  <datafield tag="041" ind1=" " ind2=" ">
    <subfield code="a">eng</subfield>
  </datafield>
  <datafield tag="082" ind1=" " ind2=" ">
    <subfield code="a">636.5</subfield>
  </datafield>
  <datafield tag="100" ind1=" " ind2=" ">
    <subfield code="a">PRASAD, JAGDISH</subfield>
    <subfield code="9">3911</subfield>
  </datafield>
  <datafield tag="245" ind1=" " ind2=" ">
    <subfield code="a">POULTRY :</subfield>
    <subfield code="b">Production and Management</subfield>
    <subfield code="c">JAGDISH  PRASAD</subfield>
  </datafield>
  <datafield tag="260" ind1=" " ind2=" ">
    <subfield code="a">LUDHIYANA</subfield>
    <subfield code="b">KALYANI PUBLISHERS</subfield>
    <subfield code="c">2000</subfield>
  </datafield>
  <datafield tag="300" ind1=" " ind2=" ">
    <subfield code="a">398p.index 6</subfield>
  </datafield>
  <datafield tag="942" ind1=" " ind2=" ">
    <subfield code="c">BK</subfield>
  </datafield>
  <datafield tag="999" ind1=" " ind2=" ">
    <subfield code="c">5551</subfield>
    <subfield code="d">5549</subfield>
  </datafield>
  <datafield tag="952" ind1=" " ind2=" ">
    <subfield code="0">0</subfield>
    <subfield code="1">0</subfield>
    <subfield code="4">0</subfield>
    <subfield code="7">0</subfield>
    <subfield code="8">AGRICULTURE</subfield>
    <subfield code="a">JRU</subfield>
    <subfield code="b">JRU</subfield>
    <subfield code="c">SHELF-43-B</subfield>
    <subfield code="d">2017-09-09</subfield>
    <subfield code="e">PURCHESS</subfield>
    <subfield code="g">295.00</subfield>
    <subfield code="l">7</subfield>
    <subfield code="m">1</subfield>
    <subfield code="o">636.5</subfield>
    <subfield code="p">21892</subfield>
    <subfield code="r">2026-03-25 07:22:17</subfield>
    <subfield code="s">2026-03-24</subfield>
    <subfield code="w">2017-09-09</subfield>
    <subfield code="y">BK</subfield>
  </datafield>
  <datafield tag="952" ind1=" " ind2=" ">
    <subfield code="0">0</subfield>
    <subfield code="1">0</subfield>
    <subfield code="4">0</subfield>
    <subfield code="7">0</subfield>
    <subfield code="8">AGRICULTURE</subfield>
    <subfield code="a">JRU</subfield>
    <subfield code="b">JRU</subfield>
    <subfield code="c">SHELF-43-B</subfield>
    <subfield code="d">2017-09-09</subfield>
    <subfield code="e">PURCHESS</subfield>
    <subfield code="g">295.00</subfield>
    <subfield code="l">0</subfield>
    <subfield code="o">636.5</subfield>
    <subfield code="p">21893</subfield>
    <subfield code="r">2017-09-09 00:00:00</subfield>
    <subfield code="w">2017-09-09</subfield>
    <subfield code="y">BK</subfield>
  </datafield>
  <datafield tag="952" ind1=" " ind2=" ">
    <subfield code="0">0</subfield>
    <subfield code="1">0</subfield>
    <subfield code="4">0</subfield>
    <subfield code="7">0</subfield>
    <subfield code="8">AGRICULTURE</subfield>
    <subfield code="a">JRU</subfield>
    <subfield code="b">JRU</subfield>
    <subfield code="c">SHELF-43-B</subfield>
    <subfield code="d">2017-09-09</subfield>
    <subfield code="e">PURCHESS</subfield>
    <subfield code="g">295.00</subfield>
    <subfield code="l">3</subfield>
    <subfield code="o">636.5</subfield>
    <subfield code="p">21894</subfield>
    <subfield code="r">2019-09-20 00:00:00</subfield>
    <subfield code="s">2019-08-30</subfield>
    <subfield code="w">2017-09-09</subfield>
    <subfield code="y">BK</subfield>
  </datafield>
  <datafield tag="952" ind1=" " ind2=" ">
    <subfield code="0">0</subfield>
    <subfield code="1">0</subfield>
    <subfield code="4">0</subfield>
    <subfield code="7">0</subfield>
    <subfield code="8">AGRICULTURE</subfield>
    <subfield code="a">JRU</subfield>
    <subfield code="b">JRU</subfield>
    <subfield code="c">SHELF-43-B</subfield>
    <subfield code="d">2017-09-09</subfield>
    <subfield code="e">PURCHESS</subfield>
    <subfield code="g">295.00</subfield>
    <subfield code="l">1</subfield>
    <subfield code="m">1</subfield>
    <subfield code="o">636.5</subfield>
    <subfield code="p">21895</subfield>
    <subfield code="r">2018-08-31 00:00:00</subfield>
    <subfield code="s">2018-08-18</subfield>
    <subfield code="w">2017-09-09</subfield>
    <subfield code="y">BK</subfield>
  </datafield>
  <datafield tag="952" ind1=" " ind2=" ">
    <subfield code="0">0</subfield>
    <subfield code="1">0</subfield>
    <subfield code="4">0</subfield>
    <subfield code="7">0</subfield>
    <subfield code="8">AGRICULTURE</subfield>
    <subfield code="a">JRU</subfield>
    <subfield code="b">JRU</subfield>
    <subfield code="c">SHELF-43-B</subfield>
    <subfield code="d">2017-09-09</subfield>
    <subfield code="e">PURCHESS</subfield>
    <subfield code="g">295.00</subfield>
    <subfield code="l">1</subfield>
    <subfield code="o">636.5</subfield>
    <subfield code="p">21896</subfield>
    <subfield code="r">2024-01-02 14:18:16</subfield>
    <subfield code="s">2023-12-19</subfield>
    <subfield code="w">2017-09-09</subfield>
    <subfield code="y">BK</subfield>
  </datafield>
</record>
